| 000 | 00808nam a2200217Ia 4500 | ||
|---|---|---|---|
| 003 | 0 | ||
| 005 | 20250125092613.0 | ||
| 008 | 150126s9999 xx 000 0 und d | ||
| 050 |
_aPGS RC 489.S84 _b.Y21 2014 |
||
| 100 | _aYan, Eli Rae. | ||
| 245 |
_aVarsity players and stress management of grade 5 and 6 students of SISC / _cEli Rae Yan. |
||
| 260 |
_aLas PiƱas City, Philippines : _bSouthville International School and Colleges, _c2014. |
||
| 300 |
_a23 p. : _bill. ; _c28 cm. |
||
| 504 | _aIncludes bibliographical references. | ||
| 650 | _aStress management in children. | ||
| 650 |
_aAthletes _vPsychological aspects. |
||
| 650 |
_aSports for children _vPsychological aspects. |
||
| 650 | _aSelf-control in children. | ||
| 650 | _aGrade 5 (Education) or Grade 6 (Education). | ||
| 942 |
_2lcc _cPASS |
||
| 999 |
_c278638 _d278638 |
||